Kelemen György [a család gyászjelentése]
Elmentve itt :
| Dokumentumtípus: | Cikk |
|---|---|
| Megjelent: |
1938-09-11
|
| Sorozat: | Délmagyarország
14 No. 194 |
| Kulcsszavak: | Kelemen György, Haláleset |
| Online Access: | http://dmarchiv.bibl.u-szeged.hu/40781 |
| LEADER | 00432nab a2200145 i 4500 | ||
|---|---|---|---|
| 001 | delm40781 | ||
| 005 | 20180927130024.0 | ||
| 008 | 180927s1938 hu o 0|| hun d | ||
| 040 | |a SZTE Délmagyarország Archívum |b hun | ||
| 041 | |a hun | ||
| 245 | 0 | 0 | |a Kelemen György |h [elektronikus dokumentum] : |b [a család gyászjelentése] |
| 260 | |c 1938-09-11 | ||
| 300 | |a 13 | ||
| 490 | 0 | |a Délmagyarország |v 14 No. 194 | |
| 695 | |a Kelemen György, Haláleset | ||